Ночь без милосердия: повести, рассказы; пер. с укр.

Bibliografiset tiedot
Päätekijä: Земляк В. С. Василий Сидорович
Muut tekijät: Колисниченко А. (автор послесловия), Бычко О. В. (иллюстратор)
Kieli:venäjä
Julkaistu: Киев, Днипро, 1988
Sarja:Радуга: Серия произведений украинских советских писателей в переводе на русский язык
Aiheet:
Aineistotyyppi: MixedMaterials Kirja
KOHA link:https://koha.lib.tpu.ru/cgi-bin/koha/opac-detail.pl?biblionumber=139004

MARC

LEADER 00000nam0a2200000 4500
001 139004
005 20231031141621.0
010 |a 5308002126 
020 |a RU  |b 88-68651 
035 |a (RuTPU)RU\TPU\book\150608 
090 |a 139004 
100 |a 20080602d1988 m y0rusy5003 ca 
101 1 |a rus  |c ukr 
102 |a UA 
105 |a a z 000ay 
200 1 |a Ночь без милосердия  |e повести, рассказы   |e пер. с укр.  |f В. С. Земляк  |g авт. послесл. А. Колисниченко ; худож. О. В. Бычко 
210 |a Киев  |c Днипро  |d 1988 
215 |a 539 с.  |c ил.  |d 21 см 
225 1 |a Радуга: Серия произведений украинских советских писателей в переводе на русский язык 
327 1 |a Содерж.: Повести: Гневный Стратион; Подполковник Шиманский; Ночь без милосердия; Олесь Чеботарь; Последний патрон; Рассказы: Семья Сосниных; Наша Орыся; "Гиппократ"; Они остались неизвестными; Плюшевые зайчики 
610 1 |a украинская литература 
610 1 |a повести 
610 1 |a рассказы 
675 |a 883  |z rus  |v 3 
700 1 |a Земляк  |b В. С.  |g Василий Сидорович  |4 070 
702 1 |a Колисниченко  |b А.  |4 075 
702 1 |a Бычко  |b О. В.  |4 440 
801 0 |a RU  |b RuMRKP  |c 19950417  |g psbo 
801 1 |a RU  |b 63413507  |c 20080602  |g PSBO 
801 2 |a RU  |b 63413507  |c 20080619  |g PSBO 
942 |c BK